<?xml version="1.0" encoding="UTF-8"?>
<record
    xmlns:xsi="http://www.w3.org/2001/XMLSchema-instance"
    xsi:schemaLocation="http://www.loc.gov/MARC21/slim http://www.loc.gov/standards/marcxml/schema/MARC21slim.xsd"
    xmlns="http://www.loc.gov/MARC21/slim">

  <leader>01257nab a22002537a 4500</leader>
  <controlfield tag="005">20150715120055.0</controlfield>
  <controlfield tag="008">150715b2014    ck  ||pd |||| 00| 0 spa d</controlfield>
  <datafield tag="040" ind1=" " ind2=" ">
    <subfield code="a">CO-BoIAVH</subfield>
    <subfield code="c">CO-BoIAVH</subfield>
  </datafield>
  <datafield tag="041" ind1=" " ind2=" ">
    <subfield code="a">spa</subfield>
  </datafield>
  <datafield tag="044" ind1=" " ind2=" ">
    <subfield code="a">ck</subfield>
  </datafield>
  <datafield tag="100" ind1="1" ind2=" ">
    <subfield code="a">Madri&#xF1;an, Santiago</subfield>
    <subfield code="9">35824</subfield>
  </datafield>
  <datafield tag="245" ind1="1" ind2=" ">
    <subfield code="a">Flora de Macondo/</subfield>
    <subfield code="c">Santiago Madri&#xF1;an</subfield>
  </datafield>
  <datafield tag="260" ind1="3" ind2=" ">
    <subfield code="a">Bogot&#xE1; (Colombia):</subfield>
    <subfield code="b">Biblioteca Luis Angel Arango,</subfield>
    <subfield code="c">2014.</subfield>
  </datafield>
  <datafield tag="300" ind1=" " ind2=" ">
    <subfield code="a">A&#xF1;o 2014, Nro 85, Pags. 66-99</subfield>
    <subfield code="b">ilustaciones, color.</subfield>
  </datafield>
  <datafield tag="505" ind1=" " ind2=" ">
    <subfield code="a">Se presentan las plantas ordenadas por nombre com&#xFA;n.</subfield>
  </datafield>
  <datafield tag="520" ind1=" " ind2=" ">
    <subfield code="a">Una lectura de Cien a&#xF1;os de soledad con ojo de bot&#xE1;nico revela un gran n&#xFA;mero de plantas, silvestres y cultivadas, que forman parte de la vegetaci&#xF3;n de la regi&#xF3;n o son usadas por sus pobladores.</subfield>
  </datafield>
  <datafield tag="650" ind1=" " ind2="4">
    <subfield code="a">Plantas</subfield>
    <subfield code="x">Cr&#xF3;nicas</subfield>
    <subfield code="z">Macondo (Magdalena, Colombia)</subfield>
    <subfield code="9">35829</subfield>
  </datafield>
  <datafield tag="650" ind1=" " ind2="4">
    <subfield code="a">Plantas</subfield>
    <subfield code="x">Historia</subfield>
    <subfield code="z">Macondo (Magdalena, Colombia)</subfield>
    <subfield code="9">35830</subfield>
  </datafield>
  <datafield tag="650" ind1=" " ind2="4">
    <subfield code="a">Plantas</subfield>
    <subfield code="x">Observaci&#xF3;n</subfield>
    <subfield code="z">Macondo (Magdalena, Colombia)</subfield>
    <subfield code="9">35831</subfield>
  </datafield>
  <datafield tag="700" ind1="1" ind2=" ">
    <subfield code="a">De Valdenebro, Eulalia</subfield>
    <subfield code="e">ilustradora</subfield>
    <subfield code="9">35828</subfield>
  </datafield>
  <datafield tag="773" ind1="0" ind2=" ">
    <subfield code="d">Bogot&#xE1; Biblioteca Luis Angel Arango. 1958 -</subfield>
    <subfield code="o">038105</subfield>
    <subfield code="t">Bolet&#xED;n cultural y bibliogr&#xE1;fico BLAA</subfield>
  </datafield>
  <datafield tag="856" ind1=" " ind2=" ">
    <subfield code="u">http://publicaciones.banrepcultural.org/index.php/boletin_cultural/article/view/640</subfield>
  </datafield>
  <datafield tag="942" ind1=" " ind2=" ">
    <subfield code="2">z</subfield>
    <subfield code="c">ARTICULO</subfield>
  </datafield>
  <datafield tag="999" ind1=" " ind2=" ">
    <subfield code="c">17592</subfield>
    <subfield code="d">17592</subfield>
  </datafield>
  <datafield tag="952" ind1=" " ind2=" ">
    <subfield code="0">0</subfield>
    <subfield code="1">0</subfield>
    <subfield code="2">z</subfield>
    <subfield code="4">0</subfield>
    <subfield code="7">1</subfield>
    <subfield code="8">HEMEROTECA</subfield>
    <subfield code="A">2014</subfield>
    <subfield code="B">48</subfield>
    <subfield code="C">85</subfield>
    <subfield code="a">Bogota</subfield>
    <subfield code="b">Bogota</subfield>
    <subfield code="d">2015-07-15</subfield>
    <subfield code="h">Fuera de circulaci&#xF3;n</subfield>
    <subfield code="l">0</subfield>
    <subfield code="p">AUTO_29558</subfield>
    <subfield code="r">2015-07-15 00:00:00</subfield>
    <subfield code="w">2015-07-15</subfield>
    <subfield code="x">Canje</subfield>
    <subfield code="y">ARTICULO</subfield>
  </datafield>
</record>
